| 000 | 00788nam a2200217 a 4500 | ||
|---|---|---|---|
| 005 | 20240315063724.0 | ||
| 008 | 080926s1991 mx r 000 0 spa d | ||
| 020 | _a9681204522 | ||
| 035 | _aUPN01000161154 | ||
| 049 | _aCG | ||
| 050 | 4 |
_aF1228.5 G7 _bM4.7 |
|
| 100 | 1 |
_aMeyer, Lorenzo, _d1942- _928980 |
|
| 245 | 1 | 0 |
_aSu Majestad Británica contra la Revolución Mexicana, 1900-1950 : _bel fin de un imperio informal / _cLorenzo Meyer. |
| 260 |
_aMexico : _bEl Colegio de México, _c1991. |
||
| 300 |
_a579 p. : _bil. |
||
| 440 | 0 | _aCentro de Estudios Internacionales | |
| 651 | 4 |
_aMEXICO - _xRELACIONES (GENERARALES) CON GRAN BRETAÑA _924221 |
|
| 651 | 4 |
_aGRAN BRETAÑA - _xRELACIONES (GENERARALES) CON MEXICO _924222 |
|
| 651 | 4 |
_aMéxico _xHistoria _ySiglo XX _94443 |
|
| 905 | _aLibro | ||
| 999 |
_c133267 _d133267 |
||